Quizzes
Events
Quiz Creation
Community
Videos
Private Events
Remove Ads
Sign In
Join for FREE
Feedback
Dark Mode
Quiz Categories
Sports
Geography
Music
Movies
Television
Just For Fun
Miscellaneous
History
Literature
Language
Science
Gaming
Entertainment
Religion
Holiday
For Kids
Quiz Lab
Recent
Popular Today
Quiz Kudos Today
Editor Picks
Curator Picks
Quizzes by...
Day
Popularity
Type
Ratings
Length
Year
Community
Subscriptions
Recent Discussions
Orange Saloon
Badges
Playlists
Quests
Create
Leaderboards
Showdown
Live 5
Trivia Bingo
Activity
Puzzle Library
Sporcle Events
Private Events
Virtual Trivia
Globe League
Become a Host
Pub Owners
SporcleCon
Opinionation
Our Games
Videos
Blog
Mobile Apps
Partnerships
Remove Ads and Go Orange
Feedback
Literature
Harry Potter
A Song of Ice and Fire
The Hunger Games
Literary Character
Shakespeare
Book
Author
Novel
Poem
Young Adult
Children's Books
Play
Lord of the Rings
Literature
Harry Potter
A Song of Ice and Fire
The Hunger Games
Literary Character
Shakespeare
Book
Author
Novel
Poem
Young Adult
Children's Books
Play
Lord of the Rings
Random Quiz
Search Sporcle
×
Quiz Lab
Quiz Lab
Literature
rat
Type in answers that appear in a list
Type in answers that appear in a list
Classic
Best Score? Go Orange.
Stainless Steel Rat Books Stats
Can you name the Stainless Steel Rat Books of Harry Harrison?
By
Fruitbat
3m
12 Questions
23 Plays
23 Plays
23 Plays
Comments
Comments
Give Quiz Kudos
Give Quiz Kudos
-
- Ratings
hide this ad
More Info
Replay
Link that replays current quiz
Next Quiz
Link to next quiz in quiz playlist
You Got
0%
They Got
Avg Score
50%
Avg Friend Score
Upgrade to see
Score Distribution
Jump to the score distribution portion of the page
Score
0/12
Timer
03:00
0
Plays Today
Title
% Correct
The Stainless Steel Rat
91.3%
The Stainless Steel Rat Saves the World
60.9%
The Stainless Steel Rat for President
56.5%
A Stainless Steel Rat Is Born
52.2%
The Stainless Steel Rat's Revenge
47.8%
The Stainless Steel Rat Returns
47.8%
The Stainless Steel Rat Wants You
43.5%
The Stainless Steel Rat Gets Drafted
43.5%
The Stainless Steel Rat Sings the Blues
43.5%
The Stainless Steel Rat Goes to Hell
43.5%
The Stainless Steel Rat Joins the Circus
39.1%
The Golden Years of the Stainless Steel Rat (in Stainless Steel Visions)
30.4%
Quiz Playlist
Details
Report
Send in Message
Add To Playlist
More Info:
11 books and 1 short story (title of story or collection is acceptable)
Classic:
Type in answers that appear in a list
Quiz Source
Last Updated: Feb 16, 2017
Quiz Scoreboard
CHALLENGE
Sign Up to Join the Scoreboard
Show All
Scores
Hide
Comments
May contain spoilers
Recently Published
College Basketball Coaching Resumes
by pancakes188
Sports
9m
Billboard Blitz: Fleetwood Mac
by CooCooCachoo
Music
15s
Presidents Visiting Landmarks
by Hejman
History
7m
More to Explore
Quiz From the Vault
Featured Blog Post
Where Did the Easter Bunny Come From?
hide this ad
You Might Also Like...
Tags
rat
steel
Today's Top Quizzes in Literature
Browse Literature
hide this ad
Today's Top Quizzes in rat
Browse rat
Top Contributed Quizzes in Literature
1
Sneaky Slytherin Logic Puzzle
2
Get The Picture: Black or White Literature
3
5-to-1: Plays
4
A Court of Thorns and Roses (ACoTaR) Logic Puzzle
5
One Thing in Common: Literature
6
One Thing in Common: Literature 3
7
One Thing in Common: Literature II
8
One Thing in Common: Books
9
Literary Siblings Odd One Out III
10
Harry Potter Neighbourly Logic Puzzle #5
Explore More
Trending Topics
Kpop
Marvel
Harry Potter
Disney
NBA
Crossword
Anime
NFL
The Office
Soccer
Puzzle
Pokémon
Song
Country
WWE
hide this ad
More By:
Fruitbat
Quiz
Plays
Rating
Category
Featured
Created
Commonest Words in Pride and Prejudice
27,240
4.38
Literature
Dec 6, 2011
Quick Pick: Couples in Literature
7,654
4.54
Just For Fun
May 5, 2012
Doctor Who Titles (The ____ of ____)
1,660
4.93
Television
Dec 10, 2012
Commonest words in A Christmas Carol
911
4.54
Literature
Dec 7, 2011
Commonest Words in Alice in Wonderland
899
5.00
Literature
Nov 22, 2012
Go to Creator's Profile
Score Distribution
Quiz Creator Spotlight
Fruitbat
Follow
Send a Message
Quizzes Created
-
Created Quiz Play Count
-
More By This Creator
Popular Quizzes Today
1
Find the US States - No Outlines Minefield
2
Find the Countries of Europe - No Outlines Minefield
3
The Countries of the World
4
Find the US States
5
Risky Map Clicking: Biggest States A-Z
6
US States
7
Popular People in 1961
8
Movies - When Are They Set?
More Literature Quizzes
Torn Pages: Modern Library Board
Published
Trending Quizzes
Risky Map Clicking: Least Populous States A-Z
1-10 Letter G Words
1-10 Letter F Words
Risky Map Clicking: Next State Alphabetically
Risky Map Clicking: Biggest States A-Z
Recently Updated
Leaping Animals
pecheneg
Reality TV Shows (A-Z)
bhenderson79
Rickey Henderson's Hall of Fame Teammates
pecheneg
Champions League XIs: Arsenal
pecheneg
Quick Pick: Celebrities in WWE's Hall of Fame
aduchscher
A-Z Keypad Blitz II
pecheneg
Multiple Oscar Actors
pecheneg
Mystery Phrase Blitz: Oscar 'Best Actors'
pecheneg
F. Scott Fitzgerald Novels
LTH
Pick 3 Villains
ddd62291
Trending Topics
NBA
Harry Potter
Kpop
Marvel
Disney
Crossword
Anime
Pokémon
Country
The Office
NFL
Song
Puzzle
WWE
Soccer
Your Account Isn't Verified!
In order to create a playlist on Sporcle, you need to verify the email address you used during registration. Go to your
Sporcle Settings
to finish the process.
Report this User
Report this user for behavior that violates our
Community Guidelines
.
Details:
Send Report
Go to the Sporcle.com Mobile Site →
Comments